000 00734nam a22002055i 4500
001 68364
003 ES-MaACL
005 20250806045154.0
007 t|
008 960801s1888 sp ||||1| spa d
100 1 _aGarcía Caballero, Félix.
_954307
245 1 0 _aConceptos filosófico-clínicos sobre la importancia terapéutica de la quina
_b: discurso leído ante la Real Academia de Medicina de Madrid /
_cpor Félix García Caballero, junio de 1884.
250 _a2ª ed.
260 _aMadrid :
_b[s.n.],
_c1888 (
_fEstab. Tip. de F. García)
300 _a16 p. ;
_c22 cm.
650 4 _aQuina.
_9153737
710 2 _aReal Academia de Medicina de Madrid
_96318
852 _aES-MaACL
_jT-1048-F-10
999 _c68364
_d68364